[Event "PRVA LIGA CENTRALNE SRBIJE 2015"]
[Site "Kragujevac"]
[Date "2015.09.10"]
[Round "8.1"]
[White "Colovic, Dusan"]
[Black "Dimitrijevic, Srdjan"]
[Result "1-0"]
[WhiteElo "2375"]
[BlackElo "2258"]
[PlyCount "71"]
[EventDate "2015.09.05"]

1. d4 d5 2. Bf4 Nf6 3. e3 c5 4. c3 Nc6 5. Nd2 Qb6 6. Qb3 c4 7. Qc2 Bg4 8. h3
Bh5 9. Ngf3 Bg6 10. Qc1 Qd8 11. Nh4 e6 12. Nxg6 hxg6 13. b3 b5 14. bxc4 bxc4
15. e4 Be7 16. Be2 Nd7 17. O-O Nb6 18. exd5 exd5 19. Re1 O-O 20. Nf3 Bd6 21.
Bd1 Qc7 22. Bxd6 Qxd6 23. Bc2 Rfe8 24. Qg5 Nd7 25. Ba4 Rxe1+ 26. Rxe1 Nf6 27.
Qg3 Qxg3 28. fxg3 Nd8 29. Ng5 Kf8 30. Nh7+ Kg8 31. Nxf6+ gxf6 32. Re8+ Kg7 33.
Bc6 Rb8 34. Bxd5 Rb1+ 35. Kh2 Ne6 36. Bxc4 1-0

[Event "PRVA LIGA CENTRALNE SRBIJE 2015"]
[Site "Kragujevac"]
[Date "2015.09.10"]
[Round "8.1"]
[White "Dinev, Dejan"]
[Black "Jevdjovic, Milorad"]
[Result "*"]
[WhiteElo "2299"]
[BlackElo "2290"]
[PlyCount "48"]
[EventDate "2015.09.05"]

1. d4 Nf6 2. Nf3 g6 3. g3 Bg7 4. Bg2 O-O 5. O-O d6 6. c4 Nbd7 7. Nc3 e5 8. e3
Re8 9. b3 Nh5 10. Bb2 exd4 11. exd4 Nf8 12. Qd2 Bg4 13. h3 Bd7 14. d5 h6 15. g4
Nf6 16. Nd4 h5 17. g5 N6h7 18. f4 Qc8 19. Kh2 Bf5 20. a4 a6 21. Rf2 Qd7 22. Re2
Rxe2 23. Ncxe2 Qc8 24. Ng3 Bd7 *

[Event "PRVA LIGA CENTRALNE SRBIJE 2015"]
[Site "Kragujevac"]
[Date "2015.09.10"]
[Round "8.1"]
[White "Kiproski, Branislav"]
[Black "Krstic, Ranko"]
[Result "1-0"]
[WhiteElo "2240"]
[BlackElo "2217"]
[PlyCount "102"]
[EventDate "2015.09.05"]

1. d4 g6 2. Nf3 Nf6 3. g3 Bg7 4. Bg2 O-O 5. O-O d5 6. c4 c6 7. cxd5 cxd5 8. Ne5
e6 9. Nc3 Nfd7 10. f4 f5 11. b3 a6 12. Ba3 Re8 13. Rc1 Nf6 14. e3 Nbd7 15. Rf2
Nxe5 16. dxe5 Ng4 17. Re2 Qa5 18. Bd6 Bd7 19. h3 Nh6 20. b4 Qb6 21. Bc5 Qc7 22.
Qd4 Bc6 23. a4 Qd7 24. b5 axb5 25. axb5 Bxb5 26. Nxb5 Qxb5 27. Rb2 Qd7 28. Rcb1
Ra4 29. Rxb7 Qxb7 30. Rxb7 Rxd4 31. exd4 Nf7 32. Bf1 Bf8 33. Rb6 Bxc5 34. dxc5
Rc8 35. c6 Nd8 36. c7 Rxc7 37. Rb8 Rc3 38. Rxd8+ Kf7 39. Kf2 h6 40. h4 g5 41.
Rd7+ Kf8 42. fxg5 hxg5 43. hxg5 Rc2+ 44. Be2 Rc5 45. Rd6 Ke7 46. Ke3 Ra5 47. g6
Ra3+ 48. Kf4 Ra2 49. g7 Kf7 50. Rd7+ Kg8 51. Kg5 Ra3 1-0

[Event "PRVA LIGA CENTRALNE SRBIJE 2015"]
[Site "Kragujevac"]
[Date "2015.09.10"]
[Round "8.1"]
[White "Stankovic, Ivan G"]
[Black "Baralic, Milan"]
[Result "1-0"]
[WhiteElo "2206"]
[BlackElo "2195"]
[PlyCount "73"]
[EventDate "2015.09.05"]

1. e4 c5 2. c4 Nc6 3. Nc3 g6 4. g3 Bg7 5. Bg2 Nf6 6. Nge2 O-O 7. d3 Ne8 8. Be3
d6 9. O-O Nc7 10. d4 cxd4 11. Nxd4 Nxd4 12. Bxd4 Bxd4 13. Qxd4 Ne6 14. Qd2 Bd7
15. Rfd1 Bc6 16. b4 b6 17. h4 Ng7 18. Qe2 Qc8 19. Rac1 Qe6 20. Nd5 Rac8 21. Rc3
Ne8 22. Re3 Qd7 23. e5 Bxd5 24. Rxd5 e6 25. Rd4 Qe7 26. Qd2 dxe5 27. Rd7 Qf6
28. Rxa7 Rxc4 29. Rf3 Rd4 30. Qe3 Qg7 31. Bh3 e4 32. Rfxf7 Rd1+ 33. Kh2 Rxf7
34. Bxe6 Qe5 35. Bxf7+ Kf8 36. Bxg6 Nf6 37. Qh6+ 1-0

[Event "PRVA LIGA CENTRALNE SRBIJE 2015"]
[Site "Kragujevac"]
[Date "2015.09.10"]
[Round "8.1"]
[White "Sevic, Slobodan"]
[Black "Jovic, Stanoje"]
[Result "0-1"]
[WhiteElo "2144"]
[BlackElo "2290"]
[PlyCount "54"]
[EventDate "2015.09.05"]

1. e4 c6 2. d4 d5 3. f3 dxe4 4. fxe4 e5 5. Nf3 exd4 6. Bc4 Nd7 7. O-O Ngf6 8.
Nxd4 Ne5 9. Be2 Bc5 10. c3 h6 11. Bf3 Nxf3+ 12. gxf3 Bh3 13. Re1 Qd7 14. Be3
O-O-O 15. Nd2 g5 16. Qe2 Nh5 17. Kh1 Rhe8 18. Qf2 f5 19. N2b3 Bxd4 20. Bxd4
fxe4 21. fxe4 Nf4 22. Rg1 Rxe4 23. Qf3 Re2 24. Nc5 Qd5 25. Qxd5 Rxd5 26. Rg3
Bf5 27. Re3 b6 0-1

[Event "PRVA LIGA CENTRALNE SRBIJE 2015"]
[Site "Kragujevac"]
[Date "2015.09.10"]
[Round "8.1"]
[White "Milosevic, Zoran"]
[Black "Puaca, Goran"]
[Result "1/2-1/2"]
[WhiteElo "2238"]
[BlackElo "2147"]
[PlyCount "167"]
[EventDate "2015.09.05"]

1. d4 e6 2. c4 d5 3. Nc3 Nf6 4. Nf3 Be7 5. Bg5 O-O 6. e3 c6 7. Bd3 a6 8. O-O b5
9. cxd5 cxd5 10. Rc1 Bb7 11. Ne5 h6 12. Bf4 Nbd7 13. Nxd7 Nxd7 14. h3 Nf6 15.
a4 b4 16. Nb1 Bd6 17. Nd2 Bxf4 18. exf4 a5 19. Qe2 Qb6 20. Nb3 Rac8 21. Rc5
Rxc5 22. Nxc5 Bc6 23. Rc1 Rc8 24. b3 Be8 25. f5 Bd7 26. fxe6 Bxe6 27. Re1 Re8
28. Qf3 Qd6 29. Bb5 Bd7 30. Rxe8+ Bxe8 31. Qe2 Bxb5 32. Qxb5 Qf4 33. Qd3 Qc1+
34. Qf1 Qd2 35. Qd3 Qe1+ 36. Qf1 Qd2 37. Qd3 Qc1+ 38. Qf1 Qc2 39. Qd3 Qc1+ 40.
Qf1 Qd2 41. Qd3 Qb2 42. g3 Qc1+ 43. Kg2 Qb2 44. Qe3 Qc2 45. Qd3 Qb2 46. Qe3 Qc2
47. Qd3 Qc3 48. Qxc3 bxc3 49. f3 Nd7 50. Nd3 Nb8 51. Kf2 Nc6 52. Ke3 Kf8 53.
Nc5 Ke7 54. f4 h5 55. g4 h4 56. Nd3 f6 57. Ne1 Nb4 58. Nf3 g5 59. Ke2 c2 60.
Kd2 c1=Q+ 61. Kxc1 Nd3+ 62. Kd2 Nxf4 63. Ng1 f5 64. gxf5 Kf6 65. Kc3 Kxf5 66.
b4 axb4+ 67. Kxb4 Ke6 68. Kb5 Kd7 69. Kb6 Kc8 70. Kc6 Kb8 71. Kd6 Kb7 72. Ke5
Kb6 73. Kf5 Ka5 74. Kxg5 Ne6+ 75. Kf5 Nxd4+ 76. Ke5 Nc2 77. Kxd5 Kxa4 78. Ke4
Ne1 79. Nf3 Ng2 80. Kf5 Ne3+ 81. Kf4 Nd1 82. Nxh4 Nf2 83. Kg3 Nxh3 84. Kxh3
1/2-1/2

[Event "PRVA LIGA CENTRALNE SRBIJE 2015"]
[Site "Kragujevac"]
[Date "2015.09.10"]
[Round "8.2"]
[White "Ristic, Nenad"]
[Black "Milosavljevic, Ivan"]
[Result "1-0"]
[WhiteElo "2440"]
[BlackElo "2087"]
[PlyCount "53"]
[EventDate "2015.09.05"]

1. e4 e5 2. Nf3 Nc6 3. Bb5 a6 4. Ba4 b5 5. Bb3 d6 6. a4 Be6 7. Bxe6 fxe6 8. d4
exd4 9. Nxd4 Nxd4 10. Qxd4 c5 11. Qd3 Nf6 12. axb5 Be7 13. bxa6 O-O 14. O-O Qb6
15. Nc3 Ng4 16. Qh3 h5 17. Qxh5 Rxf2 18. Qxg4 Rxf1+ 19. Kxf1 Rf8+ 20. Ke2 c4
21. Qxe6+ Kh8 22. Qh3+ Kg8 23. Qe3 Qc6 24. a7 Bf6 25. Nd5 c3 26. bxc3 Bg5 27.
a8=Q 1-0

[Event "PRVA LIGA CENTRALNE SRBIJE 2015"]
[Site "Kragujevac"]
[Date "2015.09.10"]
[Round "8.2"]
[White "Mladenovic, Stefan"]
[Black "Ristic, Nebojsa M"]
[Result "1/2-1/2"]
[WhiteElo "2326"]
[BlackElo "2374"]
[PlyCount "62"]
[EventDate "2015.09.05"]

1. d4 c5 2. d5 d6 3. Nc3 a6 4. a4 Nf6 5. e4 g6 6. Be2 Bg7 7. Nf3 Bg4 8. Nd2
Bxe2 9. Qxe2 Nbd7 10. O-O O-O 11. f4 Ne8 12. Nf3 Nc7 13. a5 Rb8 14. e5 b5 15.
axb6 Nxb6 16. Rd1 Qd7 17. Ne4 Qb5 18. Qxb5 axb5 19. exd6 exd6 20. Nxd6 Nbxd5
21. Nxb5 Rxb5 22. c4 Rb6 23. cxd5 Rd8 24. Be3 Bf8 25. Ra5 Rxd5 26. Rc1 Rxb2 27.
Ne5 f6 28. Ng4 Kf7 29. Bxc5 Bxc5+ 30. Raxc5 Rxc5 31. Rxc5 Ne6 1/2-1/2

[Event "PRVA LIGA CENTRALNE SRBIJE 2015"]
[Site "Kragujevac"]
[Date "2015.09.10"]
[Round "8.2"]
[White "Radovanovic, Mihajlo"]
[Black "Livaja, Mario"]
[Result "1-0"]
[WhiteElo "2421"]
[BlackElo "2246"]
[PlyCount "69"]
[EventDate "2015.09.05"]

1. Nf3 Nf6 2. c4 g6 3. d4 Bg7 4. g3 O-O 5. Bg2 d6 6. O-O Nbd7 7. Qc2 e5 8. Rd1
exd4 9. Nxd4 Re8 10. Nc3 Nc5 11. Rb1 a5 12. e4 Bg4 13. f3 Bd7 14. Ndb5 Bc6 15.
Be3 Qe7 16. Bf2 h5 17. b3 h4 18. g4 g5 19. Nd4 Ne6 20. Nf5 Qf8 21. Ne2 Nd7 22.
Qc1 Be5 23. Be3 Bf6 24. h3 Ne5 25. f4 gxf4 26. Nxf4 Kh7 27. Nd5 Bd8 28. Rf1 Qg8
29. Qd1 Qg6 30. Rb2 Bg5 31. Rbf2 f6 32. Nfe7 Bxe3 33. Nxg6 Bxf2+ 34. Rxf2 Kxg6
35. Rxf6+ 1-0

[Event "PRVA LIGA CENTRALNE SRBIJE 2015"]
[Site "Kragujevac"]
[Date "2015.09.10"]
[Round "8.2"]
[White "Todorovic, Nenad I"]
[Black "Rajkovic, Dusan"]
[Result "1/2-1/2"]
[WhiteElo "2197"]
[BlackElo "2367"]
[PlyCount "42"]
[EventDate "2015.09.05"]

1. e4 c5 2. Nf3 e6 3. d4 cxd4 4. Nxd4 Nc6 5. Nc3 a6 6. Be2 Nge7 7. f4 Nxd4 8.
Qxd4 Nc6 9. Qf2 b5 10. O-O Be7 11. Be3 Qc7 12. Rad1 Bb7 13. a4 b4 14. Nb1 Na7
15. Bb6 Qc6 16. e5 Nc8 17. Be3 Qxa4 18. f5 exf5 19. Qxf5 O-O 20. Rxd7 g6 21.
Qg4 Qc6 1/2-1/2

[Event "PRVA LIGA CENTRALNE SRBIJE 2015"]
[Site "Kragujevac"]
[Date "2015.09.10"]
[Round "8.2"]
[White "Todorovic, Goran N"]
[Black "Grkovic, Vladan"]
[Result "1/2-1/2"]
[WhiteElo "2378"]
[BlackElo "2167"]
[PlyCount "55"]
[EventDate "2015.09.05"]

1. Nf3 Nf6 2. c4 c6 3. g3 d5 4. b3 Bf5 5. Bb2 e6 6. Bg2 h6 7. O-O Be7 8. d3 O-O
9. Nbd2 a5 10. a3 Na6 11. Qc2 Rc8 12. Rac1 Nd7 13. Qb1 Bf6 14. Bxf6 Qxf6 15. b4
axb4 16. axb4 e5 17. Qb2 Rfd8 18. b5 Nac5 19. Qb4 Bxd3 20. bxc6 bxc6 21. exd3
Nxd3 22. Qc3 Nxc1 23. Rxc1 Rb8 24. cxd5 cxd5 25. Bh3 e4 26. Bxd7 Qxc3 27. Rxc3
Rxd7 28. Nd4 1/2-1/2

[Event "PRVA LIGA CENTRALNE SRBIJE 2015"]
[Site "Kragujevac"]
[Date "2015.09.10"]
[Round "8.2"]
[White "Ostojic, Nikola M"]
[Black "Stankovic, Dragan P"]
[Result "0-1"]
[WhiteElo "2043"]
[BlackElo "2254"]
[PlyCount "82"]
[EventDate "2015.09.05"]

1. d4 Nf6 2. c4 g6 3. Nc3 d5 4. cxd5 Nxd5 5. e4 Nxc3 6. bxc3 Bg7 7. Nf3 O-O 8.
Rb1 c5 9. Be2 Nc6 10. d5 Ne5 11. Nxe5 Bxe5 12. Qd2 e6 13. c4 Qh4 14. Qc2 f5 15.
Bf3 fxe4 16. Qxe4 Bc3+ 17. Kf1 Qf6 18. Be3 e5 19. Bg4 Bxg4 20. Qxg4 Bd4 21. Qe4
Qa6 22. Bxd4 Qxc4+ 23. Qe2 Qxd4 24. h4 Rxf2+ 25. Qxf2 Rf8 26. Qxf8+ Kxf8 27.
Re1 c4 28. g3 Ke7 29. Kg2 Qxd5+ 30. Kf2 b5 31. Rd1 Qc5+ 32. Kg2 a5 33. h5 g5
34. Rhe1 b4 35. Rc1 c3 36. Kf3 Ke6 37. Red1 a4 38. Rd8 Qc6+ 39. Kg4 b3 40. axb3
axb3 41. Rb8 b2 0-1

[Event "PRVA LIGA CENTRALNE SRBIJE 2015"]
[Site "Kragujevac"]
[Date "2015.09.10"]
[Round "8.4"]
[White "Zajic, Milan"]
[Black "Petkov, Vladimir"]
[Result "1-0"]
[WhiteElo "2472"]
[BlackElo "2481"]
[PlyCount "83"]
[EventDate "2015.09.05"]

1. e4 e5 2. Nf3 Nc6 3. Bb5 Nf6 4. d3 Bc5 5. c3 d6 6. O-O O-O 7. Nbd2 Bd7 8. h3
a6 9. Ba4 Ba7 10. Re1 Ne7 11. Bc2 Ng6 12. Nf1 Re8 13. Ng3 h6 14. d4 Bc6 15. Be3
exd4 16. Bxd4 b5 17. a4 bxa4 18. Bxa7 Rxa7 19. Nd4 Bd7 20. Bxa4 c5 21. Ndf5 d5
22. Bxd7 Qxd7 23. exd5 Rxe1+ 24. Qxe1 Qxd5 25. Rd1 Qb3 26. Rd8+ Kh7 27. Nxg7
Rd7 28. Rxd7 Nxd7 29. Qd2 Kxg7 30. Nh5+ Kg8 31. Qxd7 Qxb2 32. Qc8+ Kh7 33. Qf5
Kg8 34. Qf6 Qb1+ 35. Kh2 Qb8+ 36. f4 Qf8 37. Qxa6 Qe7 38. Qc8+ Kh7 39. Qf5 Kg8
40. Nf6+ Kg7 41. Ng4 h5 42. Qxh5 1-0

[Event "PRVA LIGA CENTRALNE SRBIJE 2015"]
[Site "Kragujevac"]
[Date "2015.09.10"]
[Round "8.4"]
[White "Paunovic, Tomislav"]
[Black "Radovanovic, Nikola"]
[Result "1/2-1/2"]
[WhiteElo "2342"]
[BlackElo "2407"]
[PlyCount "115"]
[EventDate "2015.09.05"]

1. d4 Nf6 2. c4 g6 3. Nc3 Bg7 4. e4 d6 5. Be2 O-O 6. Be3 Na6 7. h4 e5 8. d5 Nc5
9. Bf3 a5 10. g4 Bd7 11. h5 a4 12. Nh3 c6 13. hxg6 hxg6 14. Ng5 Qa5 15. dxc6
Bxc6 16. Qd2 Rfd8 17. O-O Ne8 18. Kg2 Nc7 19. Rh1 N7e6 20. Nh7 a3 21. b4 Qxb4
22. Nd5 Qxd2 23. Ne7+ Kh8 24. Bxd2 Nf4+ 25. Bxf4 exf4 26. Nf6+ Bh6 27. Rxh6+
Kg7 28. g5 Ne6 29. Rh7+ Kf8 30. Ned5 Nxg5 31. Rh4 Kg7 32. Rah1 Bxd5 33. Nxd5
Rac8 34. Nxf4 Rxc4 35. e5 Rc3 36. Bxb7 dxe5 37. Nd5 Rc2 38. Ne3 Rxa2 39. Rg4
Ne6 40. Bd5 Nf4+ 41. Rxf4 exf4 42. Nf5+ Kf6 43. Bxa2 Kxf5 44. Bxf7 g5 45. Rh3
Ra8 46. Ba2 Ra4 47. Rc3 g4 48. Kf1 Ra5 49. Ke2 Kg5 50. Rb3 Kh4 51. Rc3 Kg5 52.
Kf1 Kh4 53. Kg1 Re5 54. Rxa3 Re1+ 55. Kh2 Re2 56. Kg1 Re1+ 57. Kh2 Re2 58. Kg1
1/2-1/2

[Event "PRVA LIGA CENTRALNE SRBIJE 2015"]
[Site "Kragujevac"]
[Date "2015.09.10"]
[Round "8.4"]
[White "Todorovic, Bojan"]
[Black "Djordjevic, Vuk"]
[Result "1/2-1/2"]
[WhiteElo "2330"]
[BlackElo "2209"]
[PlyCount "38"]
[EventDate "2015.09.05"]

1. d4 Nf6 2. c4 e6 3. g3 d5 4. Bg2 Be7 5. Nf3 O-O 6. O-O dxc4 7. Ne5 Nc6 8.
Bxc6 bxc6 9. Nxc6 Qe8 10. Nxe7+ Qxe7 11. Na3 Rd8 12. Nxc4 c5 13. e3 cxd4 14.
exd4 Qd7 15. Be3 Qd5 16. Ne5 Ba6 17. Re1 Bb7 18. f3 Nd7 19. Bf2 Nxe5 1/2-1/2

[Event "PRVA LIGA CENTRALNE SRBIJE 2015"]
[Site "Kragujevac"]
[Date "2015.09.10"]
[Round "8.4"]
[White "Gajic, Mladen"]
[Black "Manic, Ljubomir"]
[Result "1/2-1/2"]
[WhiteElo "2253"]
[BlackElo "2152"]
[PlyCount "39"]
[EventDate "2015.09.05"]

1. d4 Nf6 2. Bg5 d5 3. Bxf6 exf6 4. e3 c6 5. g3 Bd6 6. Bg2 O-O 7. Ne2 Nd7 8.
O-O f5 9. c4 dxc4 10. Qc2 Nb6 11. Nd2 Be6 12. Rfd1 g6 13. Bf1 Qe7 14. Nc1 c5
15. Nxc4 Nxc4 16. Bxc4 cxd4 17. Bxe6 Qxe6 18. Rxd4 Rac8 19. Qe2 Be5 20. Rd2
1/2-1/2

[Event "PRVA LIGA CENTRALNE SRBIJE 2015"]
[Site "Kragujevac"]
[Date "2015.09.10"]
[Round "8.4"]
[White "Arandjelovic, Aleksandar Z"]
[Black "Cvetanovic, Uros"]
[Result "1/2-1/2"]
[WhiteElo "2060"]
[BlackElo "2230"]
[PlyCount "44"]
[EventDate "2015.09.05"]

1. d4 Nf6 2. c4 e6 3. Nc3 Bb4 4. Bg5 h6 5. Bh4 c5 6. d5 exd5 7. cxd5 d6 8. e3
Nbd7 9. Bd3 Bxc3+ 10. bxc3 Ne5 11. Ne2 Nxd3+ 12. Qxd3 O-O 13. O-O Qe7 14. f3
Bd7 15. a4 Rae8 16. e4 g5 17. Bf2 Bc8 18. Ng3 b6 19. a5 Qc7 20. Rfb1 Bd7 21. c4
Nh7 22. Be1 Rb8 1/2-1/2

[Event "PRVA LIGA CENTRALNE SRBIJE 2015"]
[Site "Kragujevac"]
[Date "2015.09.10"]
[Round "8.5"]
[White "Kuzubov, Yuriy"]
[Black "Radibratovic, Predrag"]
[Result "1-0"]
[WhiteElo "2636"]
[BlackElo "2327"]
[PlyCount "61"]
[EventDate "2015.09.05"]

1. d4 d5 2. c4 c6 3. Nf3 Nf6 4. Nc3 Bf5 5. cxd5 Nxd5 6. e3 e6 7. Bc4 Bg6 8. Ne5
Nd7 9. Nxg6 hxg6 10. g3 N5b6 11. Bb3 Qg5 12. e4 Qh5 13. Be3 Qxd1+ 14. Rxd1 Nf6
15. Ke2 Bb4 16. f3 Rh3 17. Kf2 O-O-O 18. Ne2 Rhh8 19. Nf4 Be7 20. Nd3 Nbd7 21.
h4 b6 22. Rhe1 Kb7 23. Bg5 Rhe8 24. Rc1 Rc8 25. Red1 Ng8 26. d5 cxd5 27. exd5
Rxc1 28. Bxc1 Bc5+ 29. Nxc5+ Nxc5 30. dxe6 fxe6 31. Bc2 1-0

[Event "PRVA LIGA CENTRALNE SRBIJE 2015"]
[Site "Kragujevac"]
[Date "2015.09.10"]
[Round "8.5"]
[White "Mrsevic, Miroslav"]
[Black "Milanovic, Danilo"]
[Result "0-1"]
[WhiteElo "2268"]
[BlackElo "2462"]
[PlyCount "80"]
[EventDate "2015.09.05"]

1. f4 d5 2. Nf3 g6 3. g3 Bg7 4. Bg2 c6 5. O-O Qb6+ 6. d4 Nh6 7. e3 Nd7 8. Qe2
Nf5 9. Nbd2 Nf6 10. Ne5 Nd6 11. a4 Bf5 12. a5 Qc7 13. c4 h5 14. a6 b6 15. b3
O-O 16. Ba3 Rfc8 17. Rfc1 Qd8 18. c5 bxc5 19. Rxc5 Bd7 20. Bb4 Rab8 21. Ba5 Qe8
22. Rac1 Bf8 23. b4 e6 24. R5c2 Nf5 25. Nd3 Ng4 26. Nf1 c5 27. dxc5 Bb5 28. h3
Nf6 29. Qd2 Ne7 30. Ne5 Nd7 31. Nxd7 Qxd7 32. e4 d4 33. e5 Nc6 34. Ra2 d3 35.
Kh2 Bg7 36. Ra3 h4 37. gxh4 Bh6 38. Qe3 Nd4 39. c6 Nxc6 40. Nd2 Qd4 0-1

[Event "PRVA LIGA CENTRALNE SRBIJE 2015"]
[Site "Kragujevac"]
[Date "2015.09.10"]
[Round "8.5"]
[White "Savic, Miodrag R"]
[Black "Kahrovic, Mersid"]
[Result "1-0"]
[WhiteElo "2503"]
[BlackElo "2275"]
[PlyCount "76"]
[EventDate "2015.09.05"]

1. e4 c6 2. d4 d5 3. e5 c5 4. dxc5 e6 5. Nf3 Bxc5 6. Bd3 Nc6 7. O-O h6 8. a3
Nge7 9. b4 Bb6 10. Re1 O-O 11. Bb2 Ng6 12. g3 Bd7 13. h4 Re8 14. Nbd2 Nce7 15.
h5 Nf8 16. c4 Rc8 17. Qe2 a5 18. Rad1 axb4 19. axb4 Ra8 20. c5 Bc7 21. Ra1 Rxa1
22. Rxa1 Nf5 23. Nb3 Nh7 24. b5 Ng5 25. Nxg5 Qxg5 26. Kh2 Qd8 27. Ra4 b6 28. c6
Bc8 29. Bc2 g6 30. Nd4 Qg5 31. Nf3 Qxh5+ 32. Kg2 d4 33. Qe4 g5 34. g4 Qg6 35.
Ra7 Bb8 36. Ra8 Bc7 37. gxf5 exf5 38. Qxd4 Rd8 1-0

[Event "PRVA LIGA CENTRALNE SRBIJE 2015"]
[Site "Kragujevac"]
[Date "2015.09.10"]
[Round "8.5"]
[White "Brajovic, Miroljub"]
[Black "Arsovic, Zoran"]
[Result "0-1"]
[WhiteElo "2104"]
[BlackElo "2421"]
[PlyCount "50"]
[EventDate "2015.09.05"]

1. e4 c5 2. c3 e6 3. d4 d5 4. exd5 exd5 5. dxc5 Bxc5 6. Nf3 Nf6 7. Be2 O-O 8.
O-O Re8 9. Nbd2 Nc6 10. Nb3 Bb6 11. h3 Ne4 12. Nbd4 Qf6 13. Be3 Bd7 14. Qb3 Ne7
15. Bb5 Bc6 16. Nxc6 bxc6 17. Bxb6 axb6 18. Bd3 Ng6 19. Bxe4 dxe4 20. Ne1 Nf4
21. Qc2 Ra5 22. Qd2 Rg5 23. Kh2 Qf5 24. Rg1 h5 25. Nc2 Rxg2+ 0-1

[Event "PRVA LIGA CENTRALNE SRBIJE 2015"]
[Site "Kragujevac"]
[Date "2015.09.10"]
[Round "8.5"]
[White "Kostic, Vladimir G"]
[Black "Vizlina, Branisa"]
[Result "1-0"]
[WhiteElo "2367"]
[BlackElo "2045"]
[PlyCount "55"]
[EventDate "2015.09.05"]

1. e4 d5 2. exd5 Qxd5 3. Nc3 Qa5 4. d4 c6 5. Nf3 Nf6 6. Ne5 e6 7. Nc4 Qc7 8. g3
Nd5 9. Bg2 Bb4 10. Bd2 b5 11. Ne3 Bxc3 12. bxc3 a5 13. O-O Ba6 14. Re1 O-O 15.
Qg4 f5 16. Nxd5 exd5 17. Qg5 Ra7 18. Re5 Qf7 19. Rae1 Qf6 20. Qh5 Qg6 21. Qh4
Qg4 22. Qxg4 fxg4 23. c4 bxc4 24. Bxa5 Raf7 25. Bb4 Rxf2 26. Bxf8 Rxf8 27. Re7
Bb5 28. Rb7 1-0

[Event "PRVA LIGA CENTRALNE SRBIJE 2015"]
[Site "Kragujevac"]
[Date "2015.09.10"]
[Round "8.5"]
[White "Sehovic, Bajram"]
[Black "Bozic, Milan"]
[Result "0-1"]
[WhiteElo "2037"]
[BlackElo "2438"]
[PlyCount "76"]
[EventDate "2015.09.05"]

1. d4 d6 2. e4 c6 3. Nc3 Qc7 4. Nf3 e5 5. Bc4 Bg4 6. Be3 Nf6 7. Be2 Nbd7 8. O-O
Be7 9. a4 a5 10. Nd2 Bxe2 11. Qxe2 O-O 12. Nb3 Rfe8 13. Rad1 Bf8 14. f3 d5 15.
dxe5 Nxe5 16. exd5 Nxd5 17. Nxd5 cxd5 18. Qf2 Qc6 19. Rd4 Nc4 20. Bc1 g6 21.
Rfd1 Rad8 22. Bg5 Rd7 23. Re1 Rc8 24. Bc1 Bg7 25. c3 b5 26. Rdd1 bxa4 27. Nd4
Qb6 28. Re2 Rdd8 29. g3 Re8 30. Kg2 Nd6 31. h4 h5 32. Be3 Qb7 33. Ra1 Nc4 34.
Bc1 Qd7 35. Bf4 Rxe2 36. Qxe2 Qe8 37. Qf2 Kh7 38. Qc2 Bxd4 0-1

[Event "PRVA LIGA CENTRALNE SRBIJE 2015"]
[Site "Kragujevac"]
[Date "2015.09.10"]
[Round "8.6"]
[White "Brkljaca, Ante"]
[Black "Jovanovic, Dusan D"]
[Result "1/2-1/2"]
[WhiteElo "2321"]
[BlackElo "2381"]
[PlyCount "20"]
[EventDate "2015.09.05"]

1. d4 Nf6 2. Nf3 e6 3. e3 b6 4. Bd3 Bb7 5. O-O c5 6. Nbd2 cxd4 7. exd4 Be7 8.
Re1 O-O 9. Nf1 d6 10. Ng3 Nbd7 1/2-1/2

[Event "PRVA LIGA CENTRALNE SRBIJE 2015"]
[Site "Kragujevac"]
[Date "2015.09.10"]
[Round "8.1"]
[White "Dinev, Dejan"]
[Black "Jevdjovic, Milorad"]
[Result "1-0"]
[WhiteElo "2299"]
[BlackElo "2290"]
[PlyCount "73"]
[EventDate "2015.09.05"]

1. d4 Nf6 2. Nf3 g6 3. g3 Bg7 4. Bg2 O-O 5. O-O d6 6. c4 Nbd7 7. Nc3 e5 8. e3
Re8 9. b3 Nh5 10. Bb2 exd4 11. exd4 Nf8 12. Qd2 Bg4 13. h3 Bd7 14. d5 h6 15. g4
Nf6 16. Nd4 h5 17. g5 N6h7 18. f4 Qc8 19. Kh2 Bf5 20. a4 a6 21. Rf2 Qd7 22. Re2
Rxe2 23. Ncxe2 Qc8 24. Ng3 Bd7 25. Re1 b5 26. cxb5 axb5 27. a5 b4 28. Qxb4 Rb8
29. Qd2 Qb7 30. Bc3 Bb5 31. Re7 Bd7 32. b4 Qc8 33. h4 Bg4 34. Nc6 Ra8 35. Bxg7
Kxg7 36. Qd4+ Kg8 37. Re1 1-0